| 000 -LEADER |
| fixed length control field |
00586cam a22001697a 4500 |
| 008 - FIXED-LENGTH DATA ELEMENTS--GENERAL INFORMATION |
| fixed length control field |
180718b2000 xxu||||| |||| 00| 0 eng d |
| 020 ## - INTERNATIONAL STANDARD BOOK NUMBER |
| International Standard Book Number |
8120413709 |
| 082 ## - DEWEY DECIMAL CLASSIFICATION NUMBER |
| Classification number |
O91x54 R141 |
| 245 ## - TITLE STATEMENT |
| Title |
Mountain biodiversity, land use dynamics, and traditional ecological knowledge |
| Statement of responsibility, etc. |
edited by P.S. Ramakrishnan...[et.al.] |
| 260 ## - PUBLICATION, DISTRIBUTION, ETC. |
| Place of publication, distribution, etc. |
Delhi |
| Name of publisher, distributor, etc. |
Oxford & IBH Publishing |
| Date of publication, distribution, etc. |
2000 |
| 300 ## - PHYSICAL DESCRIPTION |
| Extent |
353p. |
| 440 ## - SERIES STATEMENT/ADDED ENTRY--TITLE |
| Title |
Man and the biosphere programme |
| 650 ## - SUBJECT ADDED ENTRY--TOPICAL TERM |
| Topical term or geographic name entry element |
Ecological risk assessment - India |
| 650 ## - SUBJECT ADDED ENTRY--TOPICAL TERM |
| Topical term or geographic name entry element |
Land use - India |
| 650 ## - SUBJECT ADDED ENTRY--TOPICAL TERM |
| Topical term or geographic name entry element |
Biological diversity - India |
| 700 ## - ADDED ENTRY--PERSONAL NAME |
| Personal name |
Ramakrishnan, P.S. |